000 00712nam a2200181 a 4500
001 000722819
003 AM-YeHGA
005 20250618073733.0
008 100322s1900 ||| r 000 0 rus d
040 _aAM-YeHGA
041 0 _arus
245 0 0 _aЧествование памяти А. С. Пушкина Императорскою Академией наук в сотую годовщину дня его рождения :
_bМай 1899.
260 _aСанкт- Петербург :
_bБ. и.,
_c1900.
300 _a110 с.
600 1 4 _aՊուշկին, Ալեքսանդր Սերգեևիչ,
_d1799-1837
_96684
653 0 _aРусская литература - 19 в. - Юбилеи
090 _c268719
999 _c267084
_d267084